ბათუმის შოთა რუსთაველის სახელმწიფო უნივერსიტეტის ბიბლიოთეკა

აჭარაში მცხოვრებ აფხაზთა იდენტობა.1 : (ბიბ.ჩანაწერი № 34658)

000 -ლიდერი
ფიქსირებული სიგრძის საკონტროლო ველი 01461nam a2200265Ia 4500
001 - საკონტროლო ნომერი
საკონტროლო ველი 435
003 - საკონტროლო ნომრის იდენტიფიკატორი
საკონტროლო ველი GE_BSU
005 - ბოლო ოპერაციის თარიღი და დრო
საკონტროლო ველი 20260420173836.0
008 - ფიქსირებული სიგრძის მონაცემთა ელემენტები - ზოგადი ინფორმაცია
ფიქსირებული სიგრძის საკონტროლო ველი 181216s2011||||ge |||||||||||||| ||geo||
020 ## - წიგნის საერთაშორისო სტანდარტული ნომერი
International Standard Book Number 9789941421327
040 ## - კატალოგიზაციის წყარო
Transcribing agency GE_BSU
041 ## - ენის კოდი
Language code of text/sound track or separate title geo
080 ## - უნივერსალური ათობითი კლასიფიკაციის ინდექსი
Universal Decimal Classification number 811.352.2 გ–44
100 ## - მთავარი ჩანაწერი - პიროვნების სახელი
Personal name გვანცელაძე, თეიმურაზ
9 (RLIN) 291
245 ## - ცნობა სათაურის შესახებ
Title აჭარაში მცხოვრებ აფხაზთა იდენტობა.1 :
Remainder of title პირველი სამეცნ.-სასწ. ექსპედიციის წინასწარი შედეგები /
Statement of responsibility, etc თეიმურაზ გვანცელაძე, მანანა ტაბიძე; [რედ. მერაბ ნაჭყებია]; სოხუმის სახელმწ. უნ-ტი, აფხ. ენ. და კულტ. ინ-ტი
260 ## - გამოქვეყნების, გავრცელების, და სხვა. ცნობები
Name of publisher, distributor, etc არტანუჯი
264 ## - წარმოების, გამოცემის, დისტრიბუციის და სხვა ცნობები
გამოცემის, წარმოების, დისტრიბუციის... ადგილი თბილისი :
გამოცემის, წარმოების, დისტრიბუციის... სახელწოდება არტანუჯი,
გამოცემის, წარმოების, დისტრიბუციის... თარიღი 2011.
300 ## - ფიზიკური აღწერა
Extent 29 გვ.;
Other physical details 20სმ.
653 ## - INDEX TERM--UNCONTROLLED
Uncontrolled term აფხაზები აჭარაში.
700 ## - ADDED ENTRY--PERSONAL NAME
Personal name ტაბიძე, მანანა
Relator term ავტორი
9 (RLIN) 5716
700 ## - ADDED ENTRY--PERSONAL NAME
Personal name ნაჭყებია, მერაბ
Relator term რედაქტორი
9 (RLIN) 292
710 ## - ADDED ENTRY--CORPORATE NAME
Corporate name or jurisdiction name as entry element სოხუმის სახელმწ. უნ-ტი. აფხ. ენ. და კულტ. ინ-ტი.
9 (RLIN) 27331
942 ## - ADDED ENTRY ELEMENTS (KOHA)
Koha item type წიგნი
Source of classification or shelving scheme
ეგზემპლარები
ჩამოწერის სტატუსი დაკარგული ეგზემპლარის სტატუსი კლასიფიკაციის წყარო ან თაროზე გაწყობის სქემა დაზიანების სტატუსი არ გაიცემა მუდმივი მდებარეობა (დაცვის ადგილი) ამჟამინდელი ადგილსამყოფელი თაროზე განთავსების ადგილი შეძენის თარიღი ღირებულება, შესყიდვის ნორმალური ფასი სრული შენახვის შიფრი შტრიხკოდი ბოლო ოპერაციის თარიღი ეგზემპლარის მიმდევრობითი ნომერი (კეტერი?) ფასის ძალაში შესვლის თარიღი ეგზემპლარის სახეობა საჯარო შენიშვნა
          ბათუმის შოთა რუსთაველის სახელმწიფო უნივერსიტეტის მთავარი ბიბლიოთეკა ბათუმის შოთა რუსთაველის სახელმწიფო უნივერსიტეტის მთავარი ბიბლიოთეკა წიგნსაცავი 2018-12-17 3.00 811.352.2 გ–44 1564 2018-12-17 1564 2018-12-17 წიგნი 3 ლ.